Structure and interpretation of classical mechanics (Record no. 7827)

000 -LEADER
fixed length control field 00482 a2200157 4500
020 ## - INTERNATIONAL STANDARD BOOK NUMBER
International Standard Book Number 0262194554
040 ## - CATALOGING SOURCE
Original cataloging agency DLC
Language of cataloging DLC
100 1# - MAIN ENTRY--PERSONAL NAME
Personal name Sussman, Gerald Jay.
245 10 - TITLE STATEMENT
Title Structure and interpretation of classical mechanics
Statement of responsibility, etc. Gerald Jay Sussman and Jack Wisdom with Meinhard E. Mayer.
260 ## - PUBLICATION, DISTRIBUTION, ETC.
Place of publication, distribution, etc. India. :
Name of publisher, distributor, etc. MIT Press,
Date of publication, distribution, etc. 2001.
300 ## - PHYSICAL DESCRIPTION
Extent xxi, 534 p. :
Other physical details ill.
650 #0 - SUBJECT ADDED ENTRY--TOPICAL TERM
Topical term or geographic name entry element Mechanics.
700 1# - ADDED ENTRY--PERSONAL NAME
Personal name Wisdom, Jack.
700 1# - ADDED ENTRY--PERSONAL NAME
Personal name Mayer, Meinhard E.
Dates associated with a name 1929-
942 ## - ADDED ENTRY ELEMENTS (KOHA)
Koha item type Book
Call number prefix 531 SUS
Source of classification or shelving scheme
Holdings
Withdrawn status Lost status Damaged status Not for loan Collection code Permanent Location Current Location Shelving location Date acquired Source of acquisition Cost, normal purchase price Total Checkouts Full call number Barcode Date last seen Date last checked out Price effective from Koha item type
          Central Library (CL) Central Library (CL) General Stacks 09/21/2006 Pak Book Corporation 292.50 2 531 SUS SEECS007543 04/04/2019 02/17/2019 01/05/2017 Book
© 2023 Central Library, National University of Sciences and Technology. All Rights Reserved.